| 000 | 01233nam a2200253Ia 4500 | ||
|---|---|---|---|
| 003 | OSt | ||
| 005 | 20200917154830.0 | ||
| 008 | 191128s1999 ck aa gr 000 0 spa d | ||
| 020 | _a9586311139 | ||
| 040 |
_aCO-JMCR _cCO-JMCR |
||
| 041 | 0 | _aspa | |
| 082 | 0 | 4 |
_a796.2 / _bJ951d _223 |
| 100 | 1 |
_aJunco Gómez, Sixto Tirso, _eautor _910400 |
|
| 245 | 1 | 0 |
_aDinámica de grupos / _cSixto Tirso Junco Gómez |
| 260 |
_aBogotá : _bUniversidad Santo Tomás, _c1999 |
||
| 300 |
_a342 páginas : _bilustraciones a blanco y negro ; _c21 cm. |
||
| 505 | 0 | _aMasas, grupos, democracia y comunicación -- Estructura y acción de los grupos -- Dinámica interna y externa. Objetivos, programas y evaluación -- Dirigentes -- Dinámicas | |
| 520 | 3 | _aEn las civilizaciones actuales las actividades sociales, económicas, educativas, culturales y políticas son promovidas, efectuadas y controladas por grupos humanos. Por esto, es imprescindible conocer cómo se forman los grupos y cómo se pueden orientar me | |
| 650 | 1 | 4 |
_aJuegos en grupo _95951 |
| 650 | 1 | 4 |
_aDinámica de grupos _xmetodología _910401 |
| 650 | 1 | 4 |
_aDinámica de grupos _xestrategia y técnicas _910402 |
| 650 | 1 | 4 |
_aGrupos de juegos infantiles _910403 |
| 942 |
_2ddc _cBK |
||
| 999 |
_c3619 _d3619 |
||